Представление документа в формате MARC21

Поле Инд. ПП Название Значение
Тип записи a
Библиографический уровень m
001 Контрольный номер RU/LIBMSTU/262094480
005 Дата корректировки 20181218113904.8
020 00 a ISBN 5-902415-07-1
c Цена, тираж 1925-00
084 a Индекс другой классификации/Индекс ББК 92
090 00 a Полочн. индекс 92
x Авторский знак Л 87
245 00 a Заглавие Лучшие люди России. [В 2 ч.]
n Номер части/ раздела Ч. 2
b Продолж. заглавия энциклопедия
c Ответственность [рук. проекта и гл. ред. А. В. Бруй]
250 00 b Дополнительные сведения об издании Вып. 8
260 00 a Место издания Москва
b Издательство Спец-Адрес
c Дата издания 2006
300 00 a Объем 591 с.
b Иллюстрации/ тип воспроизводства ил.
650 _4 a Основная рубрика Российская Федерация-Энциклопедии
653 0_ a Ключевые слова Энциклопедии
901 t Тип документа m
990 00 f Даты поступлений (DOS) 05.06